Atlas des lépidoptères de France, Belgique, Suisse

Uloženo v:
Podrobná bibliografie
Hlavní autor: Claude Herbulot
Médium: Kniha
Jazyk:Undetermined
Vydáno: Paris Boubée et Cie 1965
Témata:
Tagy: Přidat tag
Žádné tagy, Buďte první, kdo otaguje tento záznam!
Thư viện lưu trữ: Trung tâm Học liệu Trường Đại học Cần Thơ
LEADER 00482nam a2200169Ia 4500
001 CTU_9200
008 210402s9999 xx 000 0 und d
082 |a 595.74 
082 |b C414 
100 |a Claude Herbulot 
245 0 |a Atlas des lépidoptères de France, Belgique, Suisse 
245 0 |c Claude Herbulot, F Le Cerf 
260 |a Paris 
260 |b Boubée et Cie 
260 |c 1965 
650 |a lepidoptera,moths 
980 |a Trung tâm Học liệu Trường Đại học Cần Thơ